000 00425pab a2200157 454500
008 180718b2014 xxu||||| |||| 00| 0 eng d
100 _aLazarev, Egor et al
245 _aTrial by fire: A natural disaster's impact on support for the authorities in rural Russia
260 _c2014
300 _ap.641-668.
362 _aOct
650 _aNatural disasters
773 _aWorld Politics
908 _aN
909 _a105877
999 _c105872
_d105872